000 00953nac a22002657a 4500
001 BR6002989
003 BR-BrBNA
005 20240105113050.0
008 230509b bl.|||m| |||| 00| 0 por d
040 _aBR-BrBNA
_bpor
_cBiblioteca Nacional de Agricultura
072 _aE30; E10; C00
090 _aE30 BR6002989
110 1 _aAssociacao Nordestina de Credito e Assistencia Rural da Bahia, Salvador (Brasil)
_9689
245 1 _aPlano diretor 1970-1972 [Associacao Nordestina de Credito e Assistencia Rural da Bahia; Renda; Custos; Mao-de-obra; Brasil]
260 3 _a[np](Brasil):
_c[nd].
300 _a84 p.
490 _aPlano Diretor - Associacao Nordestina de Credito e Assistencia Rural da Bahia (Brazil)
_v
_x
500 _aPublished 1969?
650 _aDesenvolvimento agricola
650 _aMacroeconomia
650 _aExtensao rural
650 _aBahia
909 _a202312
_bLúcia Elande
_c55
_dLúcia Elande
942 _2AGRIS
_n0
_cMS
999 _c261695
_d261695